Mad Max: Fury Road Trivia - Statistics

General Stats
  • This quiz has been taken 124 times
  • The average score is 8 of 15
Answer Stats
Hint Answer % Correct
How many brides does Furiosa take? 5
88%
Where do the War Boys dream to go? Valhalla
87%
How many sons does Immortan Joe have? 2
79%
What do they say before sacrifice? Witness me
77%
What does Nux call Max? Blood bag
73%
Who goes after Max? Immortan Joe
67%
Where does she end up going? The Green Place
64%
What is Max's full name? Max Rockatansky
58%
What type of donor is Max? Universal
52%
Where was Furiosa meant to go? Gas Town
45%
Name of Max's car? Interceptor
43%
What's the name of Immortan Joe's truck? War Rig
25%
How does Max save Furiosa's life? Blood transfer
10%
What is the name of the flaming guitar guy? Coma-Doof Warrior
9%
Which of the wives is pregnant with Joe's child? Splendid Angharad
7%
No matching quizzes found
Score Distribution
Percent of People with Each Score
Percentile by Number Answered
Your Score History
You have not taken this quiz